Somewhere in the Middle (Books) Quiz Stats

 Plays Quiz Updated Mar 27, 2020

Support Sporcle.
Go Orange.
Score 0/20 Timer 03:00
0 Plays Today
% Correct
New
96.9%
Tom's
95.8%
Reasons
95.5%
Cold
95.3%
Shades
94.3%
Ideal
93.7%
Eggs
92.1%
Chatterley's
91.9%
Player
90.6%
Labour's
90.4%
% Correct
Doll's
89.2%
Mutual
88.3%
Second
88.3%
Perfect
86.6%
Livingston
82.6%
Spoke
81%
Sargasso
78.5%
Wobegon
77%
And
72.3%
Sassy
62.4%

From the Vault

Match Game: Animated Movies

by DIEGO1000

Movies 3m
If you exercise while taking this quiz you can also say you're animated.
Remove Ads.
Support Sporcle.
Get the best of Sporcle when you Go Orange. This ad-free experience offers more features, more stats, and more fun while also helping to support Sporcle. Thank you for becoming a member.

Show Comments

Extras

Top Quizzes Today


Score Distribution

Your Account Isn't Verified!

In order to create a playlist on Sporcle, you need to verify the email address you used during registration. Go to your Sporcle Settings to finish the process.

Report this User

Report this user for behavior that violates our Community Guidelines.

Details: